000 01035 am a2200325ua 4500
001 012648751
003 EG-ScBUE
005 20251125104329.0
008 870805r19881987enka f b 001 | eng d
020 _a0803980701 (pbk)
040 _aUk
_beng
_erda
_cUk
_dEG-ScBUE
082 0 4 _a302.23401
_222
_bMCQ
100 1 _aMcQuail, Denis,
_eauthor.
245 1 0 _aMass communication theory :
_ban introduction /
_cDenis McQuail.
250 _aSecond edition.
250 _aReprinted edition.
264 1 _aLondon :
_bSage Publications,
_c1988.
300 _a352 pages :
_billustrations ;
_c22 cm
336 _atext
_2rdacontent
_btxt
337 _aunmediated
_2rdamedia
_bn
338 _avolume
_2rdacarrier
_bnc
504 _aIncludes bibliographical references and index.
590 _aPrevious ed.: 1983
650 7 _aMass media.
_2BUEsh
655 _vReading book
942 _2ddc
_cBB
999 _c31010
_d30981